|
|
|
|
| LEADER |
00984nam a2200277 4500 |
| 001 |
DLU210196052 |
| 005 |
##20210412 |
| 040 |
# |
# |
|a DLU
|b vie
|
| 041 |
# |
# |
|a vie
|
| 044 |
# |
# |
|a vn
|
| 100 |
# |
# |
|a Bùi Nam Khánh.
|
| 245 |
# |
# |
|a Điều chỉnh chính sách đối ngoại của Trung Quốc sau Đại hội 19 và tác động đối với khu vực Đông Nam Á /
|c Bùi Nam Khánh, Bùi Thị Thu Huế.
|
| 653 |
# |
# |
|a Đông Nam Á
|
| 653 |
# |
# |
|a Đại hội 19
|
| 653 |
# |
# |
|a Chính sách đối ngoại
|
| 653 |
# |
# |
|a Trung Quốc
|
| 700 |
# |
# |
|a Bùi Thị Thu Huế.
|
| 773 |
# |
# |
|t Nghiên cứu quốc tế
|g Số 1(116), 2019, tr. 116-138
|
| 920 |
# |
# |
|a Phòng Tạp chí -- Trung tâm Thông tin - Thư viện Trường Đại học Đà Lạt
|
| 900 |
# |
# |
|a True
|
| 911 |
# |
# |
|a Nguyễn Thị Thu Phương
|
| 925 |
# |
# |
|a G
|
| 926 |
# |
# |
|a A
|
| 927 |
# |
# |
|a BB
|
| 980 |
# |
# |
|a Thư viện Trường Đại học Đà Lạt
|